[Event "GER-ch Youth U16W 2020"]
[Site "Willingen"]
[Date "2020.10.20"]
[Round "1.1"]
[White "Yue, Qizhou"]
[Black "Bardorz, Jana"]
[Result "1/2-1/2"]
[WhiteElo "1775"]
[BlackElo "1960"]
[Annotator "TA"]
[PlyCount "112"]
[EventDate "2020.10.20"]
[EventType "swiss"]
[EventRounds "7"]
[EventCountry "GER"]
[SourceTitle "playchess.com"]
[Source "ChessBase"]
[SourceQuality "1"]

{[%evp 14,112,0,-22,-20,-56,-46,-45,0,-56,-48,-44,-51,-49,-46,-31,-2,0,27,-14,20,12,2,11,11,0,23,22,7,0,33,22,53,21,50,53,43,33,64,60,105,104,103,93,98,97,95,97,185,166,177,118,154,0,0,0,0,0,0,0,0,0,0,0,0,0,0,0,0,0,0,0,0,0,0,0,0,0,0,0,0,0,211,195,271,183,183,0,0,0,0,0,0,0,0,0,0,0,0,0,0]} 1. e4 e5 2. Nf3 Nc6 3. Bc4 Bc5 4. Nc3 Nf6 5. d3 d6 6. Bg5 h6 7. Bh4 Be6 8. Bb3 a6 {C50: Hungarian Defence and Giuoco Pianissimo.} 9. O-O g5 {[#]} 10. Bg3 $146 ({Predecessor:} 10. Nxg5 hxg5 11. Bxg5 Nd4 12. Nd5 Bxd5 13. exd5 Rg8 14. h4 Qe7 15. c3 Nxb3 16. axb3 Rxg5 17. hxg5 {0-1 (29) Haspinger,H (1695)-Pilz,D (2265) Wattens 1999}) 10... Qd7 {Black is slightly better.} 11. Bxe6 (11. Nd5 $11 Bxd5 12. exd5) 11... Qxe6 12. a3 Nd4 13. Rb1 Nxf3+ 14. Qxf3 h5 {And now ...g4 would win.} 15. h4 g4 (15... Nd7 {with more complications.} 16. b4 Ba7 17. a4 O-O-O 18. Nd5 g4) 16. Qe2 c6 17. Nd1 {[%cal Bc3d1,Bd1e3,Be3c4][%mdl 32]} Ng8 18. Ne3 Ne7 19. c3 O-O 20. Rbd1 Bb6 21. Nc4 Bc7 22. Qd2 Qg6 23. Ne3 f5 24. exf5 Nxf5 25. Nxf5 Rxf5 26. d4 d5 27. Rde1 Re8 28. Re2 Re7 {and if ...e4 works, Black does fine.} 29. dxe5 $1 Bxe5 30. Rfe1 Bxg3 (30... Qd6 $16) 31. fxg3 $18 Rxe2 32. Qxe2 $16 {[%mdl 4096] Endgame KQR-KQR} ({White should try} 32. Rxe2 $18 Kg7 33. Kh2) 32... Qf7 33. Qe8+ $2 (33. Qe3 $16) 33... Qxe8 $11 34. Rxe8+ {KR-KR} Kg7 35. Re7+ Rf7 36. Re5 Kg6 37. Rg5+ Kh6 38. Re5 a5 39. a4 Kg6 40. Re8 Rf6 41. Ra8 Kf5 42. Rxa5 Ke4 43. Ra7 $1 {[%cal Ra7b7]} b6 44. Ra6 c5 45. a5 $1 {[%cal Ba4a5,Ba5a6,Ba6a7][%mdl 32]} d4 {Hoping for ...d3.} 46. cxd4 cxd4 47. Rxb6 Rf5 $2 {[#]} (47... Rf8 $11 {and Black stays safe.}) 48. a6 $1 $18 {Strongly threatening b4.} d3 (48... Ra5 $142) 49. a7 Ra5 {[#]} 50. Rb7 $2 (50. Kf2 $1 $18 {aiming for Rb4+.} Rxa7 51. Rb4+ Kf5 52. Ke3) 50... d2 $11 {The position is equal.} 51. Re7+ Kd3 52. Rd7+ Kc2 (52... Ke2 $5 53. Re7+ $8 Kd3 54. Rd7+ Ke2 55. Re7+ Kd3 $11) 53. Rc7+ Kxb2 (53... Kb1 $5 54. Rd7 $8 Kc2 55. Rc7+ Kxb2 $11) 54. Rb7+ Kc2 (54... Kc3 $5 55. Rc7+ $8 Kd3 56. Rd7+ Ke2 57. Re7+ Kd3 58. Rd7+ Ke2 59. Re7+ Kd3 60. Rd7+ $11) 55. Rc7+ Kb2 56. Rb7+ Kc2 {Av CentiPawn Loss W=-15/B=-14. Weighted=-17/-15} (56... Kc1 $5 57. Rc7+ $8 Kb2 $11) 1/2-1/2

[Event "GER-ch Youth U16W 2020"]
[Site "Willingen"]
[Date "2020.10.20"]
[Round "1.2"]
[White "Butenandt, Svenja"]
[Black "Cheredzhiyska, Iva"]
[Result "1-0"]
[WhiteElo "1986"]
[BlackElo "1674"]
[Annotator "TA"]
[PlyCount "116"]
[EventDate "2020.10.20"]
[EventType "swiss"]
[EventRounds "7"]
[EventCountry "GER"]
[SourceTitle "playchess.com"]
[Source "ChessBase"]
[SourceQuality "1"]

{[%evp 24,116,25,15,52,48,50,24,31,9,30,33,41,39,38,35,29,22,72,43,43,56,54,42,67,52,115,111,122,125,150,156,153,145,164,171,224,178,224,212,210,210,219,220,315,296,368,250,275,217,260,183,347,252,364,355,336,338,341,322,478,474,495,432,426,424,371,335,422,364,484,484,404,268,303,178,278,161,265,189,252,253,484,471,462,384,570,562,551,488,541,455,857,842,572]} 1. d4 d5 2. c4 e6 3. Nc3 Nf6 4. cxd5 exd5 5. Bg5 c6 6. e3 Nbd7 7. Bd3 Be7 8. Nge2 O-O 9. Qc2 Re8 10. O-O Nf8 11. f3 h6 {11...g6 is a critical line.} 12. Bh4 Ne6 13. Rad1 Kh8 {D36: Queen's Gambit Declined: Exchange Variation: Main line (5 Bg5 c6 6 Qc2).} 14. Bf2 Nh5 {[#]} 15. e4 $146 ({Predecessor:} 15. Qd2 Qc7 16. Bb1 Bd6 17. Kh1 Ng5 18. Bg1 f5 19. Bd3 Qe7 20. Qc2 Ne4 21. g3 Nexg3+ 22. hxg3 Bxg3 23. Nxg3 Nxg3+ {½-½ (50) Szabo,B (2255)-Janoshalmi,A (2265) Hungary 2010}) 15... Nhf4 {White has an edge.} 16. Be3 Bg5 {[#] And now ...Nh3+! would win.} 17. Qd2 {[%cal Re2f4]} Nxd3 18. Qxd3 Nc7 19. e5 Bxe3+ 20. Qxe3 Bf5 21. Ng3 Bh7 22. f4 f5 $1 23. b4 a6 24. Na4 Ne6 {Black is now going downhill.} (24... a5 $14) 25. Nc5 $16 Nxc5 26. bxc5 b6 27. cxb6 Qxb6 28. Rc1 Rac8 29. Rc5 g6 (29... Re6 $142 30. Rfc1 Rb8) 30. Rfc1 Re6 31. Qc3 Bg8 32. Ne2 Bf7 {[#]} 33. Rxd5 $1 {[%mdl 512]} cxd5 (33... Re7 $142 34. Rc5 Be8) 34. Qxc8+ $18 Kg7 35. Qc5 Qb2 36. Qc2 Qb6 37. Rb1 Qa5 $2 (37... Rc6) 38. Kf2 Re7 (38... Rb6 $142 39. Rxb6 Qxb6) 39. Qc5 Qd8 40. Rb6 Rc7 41. Qd6 Qh4+ (41... Rd7 $142 42. Qb4 Ra7) 42. Ke3 Ra7 43. Rb8 {White threatens Qf8+ and mate.} Qe7 44. Qxe7 Rxe7 {[%mdl 4096] Endgame KRB-KRN} 45. Rb6 Ra7 46. Rd6 Rc7 47. Rxa6 g5 48. fxg5 hxg5 49. Kd2 (49. h4 $142) 49... Rc4 (49... Rb7 $142 50. g3 Rb2+ 51. Ke3 Rc2) 50. Ra5 (50. Ra7 $142 Kf8 51. h4) 50... Kf8 (50... f4 {might work better.} 51. a3 Be6) 51. g3 Ke7 (51... f4 $142) 52. Kd3 Rc7 $2 (52... Bg6 {was necessary.}) 53. Nc3 Rd7 54. Nb5 Bg6 (54... f4 $142 55. a4 Rb7 56. gxf4 gxf4) 55. Ra6 {White is clearly winning.} Bh7 56. Rh6 Kd8 57. Rd6 Rxd6 (57... f4+ $142 58. Ke2 fxg3) 58. Nxd6 f4+ {Av CentiPawn Loss W=-31/B=-45. Weighted=-39/-50} 1-0

[Event "GER-ch Youth U16W 2020"]
[Site "Willingen"]
[Date "2020.10.20"]
[Round "1.3"]
[White "Schneider, Katharina"]
[Black "Schnabel, Luise"]
[Result "0-1"]
[WhiteElo "1779"]
[BlackElo "1867"]
[Annotator "NA RC"]
[PlyCount "80"]
[EventDate "2020.10.20"]
[EventType "swiss"]
[EventRounds "7"]
[EventCountry "GER"]
[SourceTitle "playchess.com"]
[Source "ChessBase"]
[SourceQuality "1"]
[TimeControl "40/5400+30:1800+30"]

{[%evp 8,80,30,32767,32767,29,32767,32767,7,9,32767,-22,32767,2,0,0,27,-8,12,-113,32767,-110,-121,32767,-121,-129,32767,-140,-124,-139,-123,-121,-136,-141,32767,-89,-47,32767,32767,32767,32767,32767,-190,-173,-170,-190,-89,32767,-229,-497,-497,-515,32767,32767,32767,-651,-643,-606,-694,-862,-897,32767,32767,32767,-29995,-29997,-29992,-29992,-29992,-29992,-29992,-29993,-29994,-29994,-29995]} 1. e4 {[%emt 0:00:00]} c5 {[%emt 0:00:00]} 2. Nf3 {[%emt 0:00:00]} d6 {[%emt 0:00:08]} 3. d4 {[%emt 0:00:13]} cxd4 {[%emt 0:00:14]} 4. Nxd4 {[%emt 0:00:23]} Nf6 {[%emt 0:00:25]} 5. Nc3 {[%emt 0:01:11]} a6 {[%emt 0:00:31]} 6. f3 {[%emt 0:00:36]} e6 {[%emt 0:01:20]} 7. Be3 {[%emt 0:01:14]} b5 {[%emt 0:01:40]} 8. Qd2 {[%emt 0:03:53]} Nbd7 {[%emt 0:02:42]} 9. g4 {[%emt 0:06:19]} Nb6 {[%emt 0:04:05] 9...b4 is a critical line.} 10. h4 {[%emt 0:06:26] B80: Sicilian Scheveningen: 6 g3 and 6 Be3, including English Attack.} Bb7 {[%emt 0:08:01]} 11. h5 {[%emt 0:10:23]} Nfd7 {[%emt 0:13:36]} 12. g5 {[%emt 0:07:41]} Ne5 {[%emt 0:09:50] [#]} 13. Qg2 $146 {[%emt 0:18:59]} (13. O-O-O $11) ({Predecessor:} 13. b3 Rc8 14. f4 Ng4 15. Be2 Nxe3 16. Qxe3 Qc7 17. Kd2 d5 18. e5 Bb4 19. Rh3 {½-½ (49) Grunert,W (1653)-Liu,S (1730) Wuerzburg 2018}) 13... Nbc4 {[%emt 0:19:35]} 14. Bxc4 {[%emt 0:06:47]} Nxc4 {[%emt 0:02:10]} 15. Bc1 {[%emt 0:01:16]} d5 {[%emt 0:14:27]} 16. exd5 {[%emt 0:07:48]} Bxd5 {[%emt 0:01:45]} 17. Nxd5 {[%emt 0:03:49]} Qxd5 {[%emt 0:00:37]} 18. c3 {[%emt 0:01:13]} Bc5 {[%emt 0:04:11]} 19. Rh4 {[%emt 0:02:15]} Rd8 {[%emt 0:04:44]} 20. b3 {[%emt 0:08:50]} Ne5 {[%emt 0:01:16]} 21. Re4 {[%emt 0:02:34]} Bxd4 {[%emt 0:03:21]} (21... O-O $17 22. h6 g6) 22. cxd4 {[%emt 0:01:19]} Nd3+ {[%emt 0:01:20]} 23. Ke2 {[%emt 0:00:58]} Nb4 {[%emt 0:00:59]} 24. Bd2 {[%emt 0:01:32]} Nc2 $1 {[%emt 0:01:11] Double Attack} 25. Rd1 {[%emt 0:01:59]} Nxd4+ {[%emt 0:00:55]} 26. Kf2 {[%emt 0:00:48]} Nc6 {[%emt 0:01:35]} (26... Nf5 $19 {and Black stays clearly on top.} 27. h6 O-O 28. hxg7 Rfe8) 27. Qg4 {[%emt 0:02:43]} Ne5 {[%emt 0:01:04]} 28. Qg3 $2 {[%emt 0:01:09] [#]} (28. Qg2 {was forced.}) 28... Nd3+ $1 {[%emt 0:00:24]} 29. Kg2 {[%emt 0:00:21]} Nb2 {[%emt 0:00:32]} 30. Re5 {[%emt 0:00:14]} Qd7 {[%emt 0:00:50]} 31. Rde1 {[%emt 0:00:51]} Qxd2+ {[%emt 0:00:14]} 32. R1e2 {[%emt 0:00:58]} Qc1 {[%emt 0:00:56]} 33. g6 {[%emt 0:01:05]} hxg6 {[%emt 0:00:44]} 34. hxg6 {[%emt 0:00:39]} Qh1+ {[%emt 0:00:36]} 35. Kf2 {[%emt 0:00:04]} Rh2+ {[%emt 0:00:52]} 36. Ke3 {[%emt 0:00:21]} Nd1+ {[%emt 0:00:32]} 37. Kf4 {[%emt 0:00:31]} Rh4+ {[%emt 0:00:18]} 38. Qg4 {[%emt 0:00:44]} Rxg4+ {[%emt 0:00:17]} 39. fxg4 {[%emt 0:00:15]} Qf1+ {[%emt 0:00:39]} 40. Kg3 {[%emt 0:00:11]} Rd3+ {[%emt 0:00:16]} 0-1

[Event "GER-ch Youth U16W 2020"]
[Site "Willingen"]
[Date "2020.10.20"]
[Round "1.4"]
[White "Peglau, Mirjam"]
[Black "Pavlov, Liliane"]
[Result "1-0"]
[WhiteElo "1909"]
[BlackElo "1744"]
[Annotator "TA"]
[PlyCount "85"]
[EventDate "2020.10.20"]
[EventType "swiss"]
[EventRounds "7"]
[EventCountry "GER"]
[SourceTitle "playchess.com"]
[Source "ChessBase"]
[SourceQuality "1"]

{[%evp 16,85,9,-6,-10,0,129,117,125,106,118,117,150,110,134,122,116,122,175,139,215,217,227,211,205,187,186,189,187,154,155,145,187,156,201,0,115,114,568,527,674,651,868,882,859,843,1081,1064,981,771,771,763,762,729,829,786,768,708,679,710,972,959,29978,971,960,948,29981,29982,3185,1391,2444,1055]} 1. d4 Nf6 2. c4 c5 3. Nf3 cxd4 4. Nxd4 e5 5. Nb5 d5 6. cxd5 Bc5 7. N5c3 O-O 8. e3 Bf5 9. Be2 Nbd7 {A31: Symmetrical English: 2 Nf3 Nf6 3 d4.} 10. Nd2 e4 {[#]} (10... Bb4 $11 {keeps the balance.}) 11. g4 $1 $16 {[%cal Rg4f5]} Bg6 {White is better.} 12. g5 Ne8 13. Ndxe4 ({Don't take} 13. Ncxe4 Bb4 $14) 13... Nd6 14. Nxd6 Bxd6 15. h4 {[#] And now h5 would win.} f6 $146 ({Predecessor:} 15... Re8 16. Kf1 Rc8 17. Bg4 Ne5 18. Bxc8 Qxc8 19. e4 Nc4 20. Qf3 Ne5 21. Qe2 Nc4 {½-½ (42) Bok,B (2624)-Adhiban,B (2659) chess24.com INT 2020}) 16. h5 Be8 (16... Bf7 $16 {was worth a try.}) 17. g6 h6 (17... hxg6 $16 {might work better.} 18. h6 gxh6) 18. Bd2 $18 Rc8 19. Ne4 Nc5 20. Nxc5 Bxc5 21. Bc3 b5 22. Qb3 Qd6 23. a3 Bd7 24. Rd1 f5 25. Qc2 $2 ({Don't do} 25. Bxb5 $6 Rb8 $16) (25. Rd3 $18) 25... Rfe8 (25... f4 $11 26. e4 f3) 26. Qd3 $16 Bxe3 $2 {[%mdl 8192] A mistake that costs the game.} (26... f4 $16 {is tougher.}) 27. fxe3 $18 Qg3+ 28. Kd2 f4 {[%cal Re8e3]} 29. e4 Qg5 30. Bf3 a6 31. Qd4 {[%csl Gc3][%cal Rd4g7]} Qe7 32. Qxg7+ Qxg7 33. Bxg7 Kxg7 34. Rc1 Rcd8 35. Rc7 Kf6 36. Kd3 Ke5 37. Rg1 Rg8 38. b4 Rgf8 39. Rgc1 (39. g7 $142 Rfe8 {[#]} 40. Rg6 $1 {[%mdl 512]} Be6 41. Rxh6 a5 42. bxa5 Bd7 43. Rg6 Be6 44. Rc6 Rxd5+ 45. exd5 Bf5+ 46. Kd2) 39... Rg8 40. Ra7 Bc8 41. Re7+ Kf6 42. Rh7 (42. Rf7+ $142 Ke5 43. Rc6) 42... Rh8 43. Rcc7 {Av CentiPawn Loss W=-112/B=647. Weighted=-147/171} (43. Rf7+ $142 Ke5 44. Rc6) 1-0

[Event "GER-ch Youth U16W 2020"]
[Site "Willingen"]
[Date "2020.10.20"]
[Round "1.5"]
[White "Kalina, Lena"]
[Black "Rudolph, Eva"]
[Result "0-1"]
[WhiteElo "1561"]
[BlackElo "1836"]
[Annotator "NA RC"]
[PlyCount "66"]
[EventDate "2020.10.20"]
[EventType "swiss"]
[EventRounds "7"]
[EventCountry "GER"]
[SourceTitle "playchess.com"]
[Source "ChessBase"]
[SourceQuality "1"]
[TimeControl "40/5400+30:1800+30"]

{[%evp 9,61,55,68,0,60,0,17,-36,-38,-18,-28,-185,-100,-179,-167,-178,-105,-94,-63,-85,-75,-66,-23,-31,37,-28,32767,0,-1,32767,6,0,32767,32767,32767,0,0,0,25,-2271,46,-1654,-29991,-5231,-531,-509,-532,-509,-533,32767,32767,32767,0,-1068]} 1. d4 {[%emt 0:00:00]} d5 {[%emt 0:00:00]} 2. c4 {[%emt 0:00:00]} e5 {[%emt 0:00:00]} 3. dxe5 {[%emt 0:01:11]} d4 {[%emt 0:00:02]} 4. Nf3 {[%emt 0:02:07]} Nc6 {[%emt 0:00:08]} 5. a3 {[%emt 0:04:23]} Nge7 {[%emt 0:00:46]} 6. e3 {[%emt 0:02:13]} (6. b4 $14) 6... Nf5 {[%emt 0:01:16] D07: Queen's Gambit: Chigorin Defence.} 7. exd4 {[%emt 0:03:11]} Nfxd4 {[%emt 0:01:11]} 8. Nxd4 {[%emt 0:01:53]} Qxd4 {[%emt 0:01:12]} 9. Nc3 {[%emt 0:12:33]} Be6 {[%emt 0:20:41] [#]} 10. Nb5 $2 $146 {[%emt 0:26:03]} ({Predecessor:} 10. Be3 $11 {and White is okay.} Qxe5 11. Be2 Rd8 12. Qa4 a6 13. O-O Bd6 14. g3 O-O 15. Rad1 Bc5 16. Bf4 {1-0 (42) Bocharov,D (2611)-Morozevich,A (2683) Sochi 2016}) 10... Qxd1+ {[%emt 0:02:47]} ({Much less strong is} 10... Qxe5+ 11. Qe2 $15) 11. Kxd1 {[%emt 0:03:03]} O-O-O+ {[%emt 0:00:40]} 12. Kc2 {[%emt 0:04:17]} Bf5+ {[%emt 0:14:04]} ({Don't do} 12... Nxe5 13. Bf4 $11) (12... a6 $19 13. Nc3 Nd4+ 14. Kb1 Nb3) 13. Kb3 {[%emt 0:01:29]} a6 {[%emt 0:00:49]} ({But not} 13... Nxe5 14. Bf4 $11) 14. Nc3 {[%emt 0:00:18]} Nd4+ {[%emt 0:02:24]} 15. Ka2 {[%emt 0:00:39]} Nc2 {[%emt 0:30:17]} 16. Rb1 {[%emt 0:00:22]} Be7 {[%emt 0:01:23]} (16... Bc5 $11) 17. Bf4 {[%emt 0:05:25]} (17. Nd5 $14 Bf8 18. Bg5) 17... c6 {[%emt 0:05:14]} 18. Rd1 {[%emt 0:05:18]} Rxd1 {[%emt 0:01:24]} 19. Nxd1 {[%emt 0:00:08]} Rd8 {[%emt 0:01:01]} 20. Ne3 {[%emt 0:03:22]} Nxe3 {[%emt 0:00:51]} 21. Bxe3 {[%emt 0:00:26]} Rd1 {[%emt 0:00:28]} 22. g3 $1 {[%emt 0:00:59]} Bb1+ {[%emt 0:06:44]} 23. Kb3 {[%emt 0:00:16]} Kb8 {[%emt 0:01:19]} 24. Bg2 $2 {[%emt 0:00:32]} (24. f4 $11) 24... Rd3+ {[%emt 0:00:25]} 25. Ka4 {[%emt 0:00:17]} Bc2+ {[%emt 0:00:41]} 26. Ka5 {[%emt 0:00:54] [#]} Rb3 {[%emt 0:00:47]} (26... Rxe3 $142 $1 {[%mdl 512]} 27. Rc1 (27. fxe3 Ka7) 27... Rxe5+ 28. Bd5 cxd5 29. Rxc2 dxc4+ {[%mdl 64] Discovered Attack} 30. Ka4 b6 31. Rxc4 b5+ {[%mdl 64] Double Attack} 32. Kb3 bxc4+ 33. Kc3 Re2) 27. Bb6 {[%emt 0:02:13]} Rxb2 {[%emt 0:00:44]} 28. Ra1 {[%emt 0:03:28]} Rb3 {[%emt 0:01:17]} 29. Ra2 {[%emt 0:07:32]} Bb1 {[%emt 0:00:29]} 30. Ra1 {[%emt 0:04:40]} Bc2 $11 {[%emt 0:01:30]} (30... Bd3 {mates} 31. Be4 Bxe4 32. e6 Bd3 33. exf7 Bxc4 34. f8=Q+ Bxf8 35. Ka4 Rxb6 36. Rb1 Rxb1 37. h3 Rb5 38. h4 Bb3#) 31. Ra2 $1 {[%emt 0:00:26]} Bd3 {[%emt 0:01:11]} 32. c5 {[%emt 0:09:10]} Rb5+ {[%emt 0:00:46]} 33. Ka4 {[%emt 0:00:07]} Bc4 {[%emt 0:00:21]} 0-1

[Event "GER-ch Youth U16W 2020"]
[Site "Willingen"]
[Date "2020.10.20"]
[Round "1.6"]
[White "Heutling, Elina"]
[Black "Jacoby, Angelina"]
[Result "1-0"]
[WhiteElo "1873"]
[BlackElo "1630"]
[Annotator "NA RC"]
[PlyCount "57"]
[EventDate "2020.10.20"]
[EventType "swiss"]
[EventRounds "7"]
[EventCountry "GER"]
[SourceTitle "playchess.com"]
[Source "ChessBase"]
[SourceQuality "1"]
[TimeControl "40/5400+30:1800+30"]

{[%evp 8,54,57,32767,32767,32767,32767,32767,32767,45,54,52,57,18,34,36,60,56,60,58,92,80,118,117,156,22,144,1,0,0,91,32767,32767,-147,-120,-111,-29,32767,645,731,695,32767,32767,32767,32767,32767,1351,1613,1117]} 1. e4 {[%emt 0:00:00]} d5 {[%emt 0:00:00]} 2. exd5 {[%emt 0:00:00]} Qxd5 {[%emt 0:00:00]} 3. Nc3 {[%emt 0:00:00]} Qd8 {[%emt 0:00:00]} 4. d4 {[%emt 0:00:13]} Nf6 {[%emt 0:00:25]} 5. Nf3 {[%emt 0:00:57]} Bg4 {[%emt 0:00:36]} 6. h3 {[%emt 0:00:37]} Bxf3 {[%emt 0:00:37] B01: Scandinavian Defence.} 7. Qxf3 {[%emt 0:00:31]} c6 {[%emt 0:00:14]} 8. Bf4 {[%emt 0:04:08]} e6 {[%emt 0:08:27]} 9. O-O-O {[%emt 0:01:06]} Bb4 {[%emt 0:03:38]} 10. Bc4 {[%emt 0:05:53] [#]} O-O $146 {[%emt 0:12:04]} ({Predecessor:} 10... Nbd7 11. Rhe1 Nb6 12. Bb3 Bxc3 13. Qxc3 O-O 14. Qd3 Nbd5 15. Bd2 a5 16. c3 Ne7 {1-0 (29) Zavgorodniaya,A (1986)-Tskhadadze,A (1885) St Petersburg 2015}) 11. g4 {[%emt 0:07:42]} Nd5 {[%emt 0:02:34]} 12. Nxd5 {[%emt 0:02:34]} cxd5 {[%emt 0:02:12]} 13. Bd3 {[%emt 0:07:28]} Qd7 {[%emt 0:10:20]} 14. g5 {[%emt 0:07:26]} Rc8 {[%emt 0:03:03]} 15. h4 {[%emt 0:06:56]} Nc6 {[%emt 0:06:10]} 16. Be3 {[%emt 0:07:54]} (16. h5 $16) 16... Be7 {[%emt 0:08:45]} (16... Bd6 $14) 17. Rdg1 {[%emt 0:19:22]} ({White should play} 17. c3 $16) 17... Nb4 {[%emt 0:03:47]} 18. Bd2 $1 {[%emt 0:10:10]} Nxa2+ {[%emt 0:03:15]} (18... Nxd3+ $11 19. Qxd3 Qa4) 19. Kd1 {[%emt 0:04:25]} Nb4 {[%emt 0:08:42] [#]} 20. h5 $2 {[%emt 0:04:51]} (20. Bxh7+ $1 $18 Kxh7 {[#]} 21. g6+ $1 {[%mdl 512]} fxg6 22. h5 g5 23. h6 Rf8 24. hxg7+ Kg8 25. gxf8=Q+ Bxf8 26. Rxg5+ Bg7 27. Qh5) 20... Nxd3 {[%emt 0:01:45]} 21. Qxd3 {[%emt 0:00:04]} Rc7 {[%emt 0:06:46]} ({Black should try} 21... Qa4 $17 22. f4 Rc6) 22. g6 {[%emt 0:04:34]} fxg6 $2 {[%emt 0:00:53]} (22... Bf6 $11) 23. hxg6 {[%emt 0:00:21]} h6 {[%emt 0:00:27]} 24. Bxh6 {[%emt 0:02:40]} gxh6 {[%emt 0:04:31]} 25. Rxh6 {[%emt 0:00:09]} Bf6 {[%emt 0:00:34]} 26. g7 {[%emt 0:00:42]} Bxg7 {[%emt 0:00:39]} 27. Qh7+ {[%emt 0:01:14]} Kf8 $18 {[%emt 0:00:48]} 28. Rf6+ {[%emt 0:00:16]} Qf7 {[%emt 0:04:42]} 29. Rxg7 {[%emt 0:00:35]} 1-0

[Event "GER-ch Youth U16W 2020"]
[Site "Willingen"]
[Date "2020.10.20"]
[Round "1.7"]
[White "Schwegler, Jelena"]
[Black "Doll, Rebecca"]
[Result "0-1"]
[WhiteElo "1539"]
[BlackElo "1808"]
[Annotator "NA RC"]
[PlyCount "106"]
[EventDate "2020.10.20"]
[EventType "swiss"]
[EventRounds "7"]
[EventCountry "GER"]
[SourceTitle "playchess.com"]
[Source "ChessBase"]
[SourceQuality "1"]
[TimeControl "40/5400+30:1800+30"]

{[%evp 9,99,0,-8,-34,32767,32767,32767,32767,32767,-4,99,98,175,165,188,46,60,-19,7,0,32767,0,32767,39,70,19,87,50,79,76,97,81,97,111,102,32767,32767,32767,32767,21,29,32767,32767,32767,77,33,63,32767,32767,32767,32767,32767,32767,32767,32767,32767,139,32767,32767,32767,32767,32767,32767,32767,32767,32767,32767,32767,32767,-68,-70,-95,-48,-55,-37,-47,-51,32767,32767,-177,32767,32767,32767,-173,-201,-189,-248,-626,-1585,-647,-1558,-5077]} 1. e4 {[%emt 0:00:00]} e5 {[%emt 0:00:00]} 2. Nf3 {[%emt 0:00:00]} Nc6 {[%emt 0:00:00]} 3. d4 {[%emt 0:00:00]} exd4 {[%emt 0:00:00]} 4. Nxd4 {[%emt 0:00:00]} Nf6 {[%emt 0:00:00]} 5. Nxc6 {[%emt 0:00:00]} bxc6 {[%emt 0:00:04]} 6. Qe2 {[%emt 0:00:00] C45: Scotch Game.} Rb8 {[%emt 0:01:35]} 7. e5 {[%emt 0:00:12]} Nd5 {[%emt 0:01:36]} 8. c4 {[%emt 0:02:07]} Bb4+ {[%emt 0:03:17]} 9. Bd2 {[%emt 0:06:54] [#]} Ba6 $146 {[%emt 0:08:11]} ({Predecessor:} 9... Nf4 $11 {keeps the balance.} 10. Qe3 Ne6 11. Bxb4 Rxb4 12. Qd2 c5 13. Bd3 O-O 14. Nc3 Bb7 15. O-O f6 {½-½ (30) Oglaza,O (2240)-Erenberg,A (2415) Batumi 2018}) 10. Qg4 {[%emt 0:08:54]} Bxd2+ {[%emt 0:09:18]} (10... Ne7 $16) 11. Nxd2 {[%emt 0:00:26]} Ne7 {[%emt 0:09:48]} 12. b3 {[%emt 0:05:57]} ({White must play} 12. Qxg7 $18 Rg8 13. Qxh7 Rxb2 14. Qd3 (14. Ne4 Qb8 $11)) 12... Ng6 {[%emt 0:04:18]} 13. Be2 {[%emt 0:09:50]} (13. Bd3 $1 $14) 13... Qe7 {[%emt 0:04:16]} 14. O-O {[%emt 0:23:43]} O-O {[%emt 0:12:29]} 15. f4 {[%emt 0:02:31]} Bc8 {[%emt 0:10:19]} 16. Qf3 {[%emt 0:15:53]} Bb7 {[%emt 0:06:25]} 17. Bd3 {[%emt 0:04:20]} Rfe8 {[%emt 0:06:21]} (17... f5 $11) 18. Ne4 {[%emt 0:05:15]} c5 {[%emt 0:05:00]} 19. Qg3 {[%emt 0:01:10]} Bxe4 {[%emt 0:02:23]} 20. Bxe4 {[%emt 0:00:09]} d6 {[%emt 0:01:46]} 21. Bc6 {[%emt 0:00:31]} Red8 {[%emt 0:00:22]} 22. exd6 {[%emt 0:00:28]} Qxd6 {[%emt 0:04:08]} 23. Qf3 {[%emt 0:06:26]} Ne7 {[%emt 0:03:49]} 24. Be4 {[%emt 0:00:57]} f5 {[%emt 0:00:29]} 25. Bc2 {[%emt 0:00:30]} Qd4+ {[%emt 0:00:26]} 26. Kh1 {[%emt 0:00:19]} Rd6 {[%emt 0:01:43]} 27. Rfe1 {[%emt 0:01:53]} Rbd8 {[%emt 0:03:05]} 28. h3 {[%emt 0:01:09]} Qb2 {[%emt 0:01:10]} 29. Rad1 {[%emt 0:02:24]} Qf6 {[%emt 0:00:25]} 30. Rxd6 {[%emt 0:00:16]} cxd6 {[%emt 0:00:05]} 31. Qb7 {[%emt 0:01:15]} Ng6 {[%emt 0:00:54]} 32. Qd5+ {[%emt 0:00:40]} Qf7 {[%emt 0:00:47]} 33. Qxf5 {[%emt 0:01:17]} Qxf5 {[%emt 0:00:09]} 34. Bxf5 {[%emt 0:00:02]} Nxf4 {[%emt 0:00:07]} 35. Kh2 {[%emt 0:00:27]} g6 {[%emt 0:01:11]} 36. Be4 {[%emt 0:01:02]} Kg7 {[%emt 0:00:43]} 37. Bc6 {[%emt 0:00:24]} Rf8 {[%emt 0:01:06]} 38. Re7+ {[%emt 0:00:13]} Rf7 {[%emt 0:00:03]} 39. Rxf7+ {[%emt 0:00:53]} (39. Re3 $11) 39... Kxf7 {[%emt 0:00:02]} 40. Kg3 {[%emt 0:00:49]} Nd3 {[%emt 0:00:08]} 41. a3 {[%emt 0:30:43]} Kf6 {[%emt 0:30:14]} 42. Be4 {[%emt 0:00:00]} Nc1 $1 {[%emt 0:00:00]} 43. b4 {[%emt 0:00:00]} Ke5 {[%emt 0:00:00]} 44. Bd5 {[%emt 0:00:00]} (44. bxc5 $17 {was the only defense.} dxc5 45. Bd5) 44... h6 {[%emt 0:00:00]} 45. Bf7 {[%emt 0:00:00]} Kf5 {[%emt 0:00:00]} 46. Kf3 $2 {[%emt 0:00:00]} (46. h4 $11 {and White stays safe.}) 46... cxb4 {[%emt 0:00:00]} 47. axb4 {[%emt 0:00:00]} Nd3 {[%emt 0:00:00]} 48. b5 $2 {[%emt 0:00:00]} (48. Ke3 Nxb4 49. Kd4) 48... Ne5+ {[%emt 0:00:00] Double Attack} 49. Ke3 {[%emt 0:00:00]} Nxf7 {[%emt 0:00:00]} 50. Kd4 $19 {[%emt 0:00:00]} Ke6 {[%emt 0:00:00]} 51. c5 {[%emt 0:00:00]} dxc5+ {[%emt 0:00:00]} 52. Kxc5 {[%emt 0:00:00]} Ne5 {[%emt 0:00:00]} 53. b6 {[%emt 0:00:00]} Nd7+ 0-1